000 00648 a2200193 4500
010 _aENG-88944
020 _a9780195693157
_c695.00
035 _aEN-72477
037 _bDBAD / PUB
082 1 4 _a954.022
090 _c9705
_d9705
100 _aMoosvi, Shireen
245 1 _aPeople, taxation, and trade in Mughal India /
_cby Shireen Moosvi
260 _aNew Delhi
_bOxford University Press
_c2008
300 _axxxv, 304p. ;
_c22 cm (Hb)
500 _aIncludes bibliographical references and index
942 _adpl
_cEN
_k954.022/ MOO
999 _c9528
_d9528